Najludniejsze państwa graniczące z Oceanem Spokojnym - Statystyki

Ogólne statystyki
  • Ten quiz został rozwiązany 18 450 razy
    5 763 od ostatniego zresetowania
  • Średni wynik to 14 z 16
Statystyki odpowiedzi
Populacja Kraje % Poprawnych
1459 mln Chiny
98%
335 mln Stany Zjednoczone
98%
126 mln Japonia
95%
26,1 mln Australia
93%
132 mln Meksyk
93%
280 mln Indonezja
92%
38,4 mln Kanada
92%
146 mln Rosja
92%
51,4 mln Korea Południowa
86%
113 mln Filipiny
82%
99,2 mln Wietnam
82%
26 mln Korea Północna
77%
33,2 mln Malezja
77%
33,9 mln Peru
76%
70,2 mln Tajlandia
75%
52 mln Kolumbia
74%
Nie znaleziono quizów pasujących do podanych kryteriów
Rozkład punktacji
Procent ludzi z każdym wynikiem
Percentyl według liczby udzielonych odpowiedzi
Twoja historia wyników
Nie rozwiązałeś tego quizu od ostatniego zresetowania